[Event "Sygnity Ekstraliga 2016"]
[Site "Gorzow Wlkp. - Wroclaw - Katowice"]
[Date "1899-12-30"]
[Round "2.8"]
[White "Butkiewicz, Lukasz"]
[Black "Antoniewski, Rafal"]
[Result "0-1"]
[WhiteTitle "IM"]
[BlackTitle "GM"]
[WhiteElo "2429"]
[BlackElo "2532"]

1. e4 c5 2. Nf3 Nc6 3. d4 cxd4 4. Nxd4 g6 5. Nc3 Bg7 6. Be3 Nf6 7. Bc4 O-O 8. Bb3
Re8 9. h3 d6 10. O-O Na5 11. f4 b6 12. Qd3 Nxb3 13. axb3 Bb7 14. Rfe1 Nd7 15.
Bf2 Nc5 16. Qd2 e5 17. Ndb5 exf4 18. Nxd6 Be5 19. Rad1 Qxd6 20. Qxd6 Bxd6 21.
Rxd6 Nxe4 22. Rd7 Nxf2 23. Rxe8+ Rxe8 24. Kxf2 Bc6 25. Rxa7 Rd8 26. Rc7 Rd2+ 27.
Ke1 Rd6 28. Kf2 g5 29. b4 f5 30. Re7 h6 31. b5 Bd7 32. Ke1 Kf8 33. Re2 Kf7 34.
b3 Kf6 35. Kf2 h5 36. Ke1 h4 37. Kf2 Rd4 38. Ke1 g4 39. Kf2 g3+ 40. Kf1 Be6 41.
Ke1 Bf7 42. Rd2 Rxd2 43. Kxd2 Ke5 44. Ke1 Kd4 45. Ne2+ Ke3 46. c4 f3 47. gxf3
Kxf3 48. Nd4+ Ke4 49. Ne2 Ke5 0-1

[Event "Sygnity Ekstraliga 2016"]
[Site "Gorzow Wlkp. - Wroclaw - Katowice"]
[Date "1899-12-30"]
[Round "2.9"]
[White "Bobras, Piotr"]
[Black "Skawinski, Arkadiusz"]
[Result "1/2-1/2"]
[WhiteTitle "GM"]
[BlackTitle "FM"]
[WhiteElo "2518"]
[BlackElo "2367"]

1. e4 e5 2. Nf3 Nc6 3. Bb5 a6 4. Ba4 Nf6 5. O-O Be7 6. Re1 b5 7. Bb3 O-O 8. a4
b4 9. d4 d6 10. dxe5 dxe5 11. Qxd8 Rxd8 12. Nbd2 h6 13. h3 Bd6 14. a5 Rb8 15.
Bc4 Bc5 16. Nb3 Bd4 17. Nbxd4 Nxd4 18. Nxd4 Rxd4 19. b3 Rxe4 20. Bb2 Rxe1+ 21.
Rxe1 Be6 22. Bxe6 fxe6 23. Rxe5 Kf7 24. Rc5 Nd5 25. Rc6 Rb5 26. Rxa6 Rc5 27. Ra8
Rxc2 28. Bd4 Rd2 29. Bc5 Rc2 30. Bd4 Rd2 31. Bc5 Rc2 1/2-1/2

[Event "Sygnity Ekstraliga 2016"]
[Site "Gorzow Wlkp. - Wroclaw - Katowice"]
[Date "1899-12-30"]
[Round "2.10"]
[White "Plichta, Kamil"]
[Black "Maksimenko, Andrei"]
[Result "0-1"]
[WhiteTitle "FM"]
[BlackTitle "GM"]
[WhiteElo "2336"]
[BlackElo "2477"]

1. d4 e6 2. c4 Nf6 3. Nc3 Bb4 4. Qc2 b6 5. e4 c5 6. d5 Qe7 7. dxe6 Qxe6 8. Bd3
Ba6 9. Nf3 Bxc4 10. e5 Bxd3 11. Qxd3 Nc6 12. Qe2 Nd5 13. Bd2 Bxc3 14. bxc3 O-O
15. O-O d6 16. Rfe1 dxe5 17. c4 Nc7 18. Nxe5 Rfe8 19. Bf4 f6 20. Nxc6 Qxe2 21.
Rxe2 Rxe2 22. Bxc7 Rc8 23. Kf1 Re6 24. Nxa7 Rxc7 25. Nb5 Rd7 26. Re1 Kf7 27. Rxe6
Kxe6 28. Ke2 g5 29. h3 h5 30. g4 hxg4 31. hxg4 Ke5 32. Ke3 Rd1 33. Nc7 Rd4 34.
Na8 Rd6 35. Nc7 Rd1 36. f3 Ra1 37. Nd5 Rxa2 38. Nxb6 Ra3+ 39. Ke2 Kd4 40. Nd5
Ra2+ 41. Ke1 Ra6 0-1

[Event "Sygnity Ekstraliga 2016"]
[Site "Gorzow Wlkp. - Wroclaw - Katowice"]
[Date "1899-12-30"]
[Round "2.11"]
[White "Jaracz, Pawel"]
[Black "Brodowski, Piotr"]
[Result "0-1"]
[WhiteTitle "GM"]
[BlackTitle "m"]
[WhiteElo "2481"]
[BlackElo "2453"]

1. e4 d6 2. d4 g6 3. Nc3 Bg7 4. Be3 a6 5. h4 h6 6. f4 Nf6 7. e5 Ng4 8. Qf3 c5 9.
O-O-O cxd4 10. Bxd4 Nc6 11. Nge2 h5 12. exd6 Nxd4 13. Nxd4 O-O 14. dxe7 Qxe7 15.
Nd5 Qd6 16. g3 Nf2 17. Ne7+ Qxe7 18. Qxf2 Bg4 19. Rd2 Rad8 20. Bg2 Rfe8 21. c3
Qc5 22. Nb3 Qc4 23. Re1 Bxc3 24. Rxe8+ Rxe8 25. Rc2 Be1 26. Rxc4 Bxf2 27. Bxb7
Bxg3 28. Bxa6 Bxh4 29. Bb7 Re1+ 30. Kd2 Re2+ 31. Kc3 Be1+ 0-1

[Event "Sygnity Ekstraliga 2016"]
[Site "Gorzow Wlkp. - Wroclaw - Katowice"]
[Date "1899-12-30"]
[Round "2.12"]
[White "Przezdziecka, Ewa"]
[Black "Jaracz, Barbara"]
[Result "0-1"]
[WhiteTitle "WFM"]
[BlackTitle "WGM"]
[WhiteElo "2188"]
[BlackElo "2228"]

1. d4 d5 2. c4 c6 3. Nf3 Nf6 4. Nc3 dxc4 5. a4 Bf5 6. e3 e6 7. Bxc4 Bb4 8. O-O
O-O 9. Nh4 Nbd7 10. Qf3 Bg4 11. Qg3 Bh5 12. f3 Nb6 13. Bb3 Bd6 14. Qf2 c5 15.
dxc5 Bxc5 16. g4 Bg6 17. Nxg6 hxg6 18. g5 Nfd5 19. Ne4 Be7 20. h4 Rc8 21. Rd1
Nc4 22. Nc3 Qb6 23. Nxd5 exd5 24. Ba2 Bc5 25. Rxd5 Nxe3 26. Rxc5 Nd1 27. Qd4 Rxc5
28. Bf4 Rxg5+ 0-1

[Event "Sygnity Ekstraliga 2016"]
[Site "Gorzow Wlkp. - Wroclaw - Katowice"]
[Date "1899-12-30"]
[Round "2.14"]
[White "Navara, David"]
[Black "Matuszewski, Michal"]
[Result "1-0"]
[WhiteTitle "GM"]
[BlackTitle "IM"]
[WhiteElo "2744"]
[BlackElo "2468"]

1. d4 d5 2. c4 c6 3. Nf3 Nf6 4. Nc3 a6 5. e3 b5 6. b3 Bg4 7. Bd2 e6 8. h3 Bf5 9.
g4 Be4 10. g5 b4 11. Nxe4 Nxe4 12. Rg1 Nd7 13. Bd3 g6 14. Bxe4 dxe4 15. Nh2 Bd6
16. Nf1 f5 17. c5 Bxc5 18. dxc5 Nxc5 19. Ng3 Qd6 20. Kf1 Nd3 21. a3 bxa3 22. Bc3
O-O 23. Bf6 Rab8 24. h4 Qb4 25. h5 Qxb3 26. Qxb3 Rxb3 27. hxg6 hxg6 28. Rh1 e5
29. Kg2 Rfb8 30. Nxf5 Rb2 31. Nd6 Rxf2+ 32. Kg1 1-0

[Event "Sygnity Ekstraliga 2016"]
[Site "Gorzow Wlkp. - Wroclaw - Katowice"]
[Date "1899-12-30"]
[Round "2.15"]
[White "Leniart, Arkadiusz"]
[Black "Miton, Kamil"]
[Result "1/2-1/2"]
[WhiteTitle "IM"]
[BlackTitle "GM"]
[WhiteElo "2488"]
[BlackElo "2614"]

1. d4 d5 2. c4 c6 3. Nf3 Nf6 4. e3 e6 5. Nc3 Nbd7 6. Qc2 Bd6 7. b3 O-O 8. Be2 b6
9. O-O Bb7 10. Bb2 Qe7 11. Rad1 Rad8 12. Rfe1 Rfe8 13. e4 dxe4 14. Nxe4 Nxe4 15.
Qxe4 Bb4 16. Rf1 Bd6 17. Rfe1 Bb4 18. Rf1 Bd6 19. Rfe1 Bb4 20. Rf1 1/2-1/2

[Event "Sygnity Ekstraliga 2016"]
[Site "Gorzow Wlkp. - Wroclaw - Katowice"]
[Date "1899-12-30"]
[Round "2.17"]
[White "Barski, Radoslaw"]
[Black "Socko, Bartosz"]
[Result "0-1"]
[WhiteTitle "k++"]
[BlackTitle "GM"]
[WhiteElo "2333"]
[BlackElo "2594"]

1. e4 e5 2. Nf3 Nc6 3. Bb5 a6 4. Ba4 Nf6 5. Bxc6 dxc6 6. d3 Nd7 7. Nbd2 g6 8. Nc4
Bg7 9. h4 h5 10. Qe2 Qe7 11. Bd2 b5 12. Ne3 Nc5 13. O-O-O Ne6 14. Rdg1 Nd4 15.
Nxd4 exd4 16. Nd1 Be6 17. Kb1 c5 18. f4 c4 19. f5 Bxf5 20. dxc4 Bg4 21. Qd3 O-O
22. Nf2 Be6 23. c5 f5 24. c6 fxe4 25. Nxe4 Bc4 0-1

[Event "Sygnity Ekstraliga 2016"]
[Site "Gorzow Wlkp. - Wroclaw - Katowice"]
[Date "1899-12-30"]
[Round "2.18"]
[White "Socko, Monika"]
[Black "Leks, Maria"]
[Result "1-0"]
[WhiteTitle "GM"]
[BlackTitle "WCM"]
[WhiteElo "2467"]
[BlackElo "2126"]

1. e4 e5 2. Nf3 Nc6 3. Bc4 Nf6 4. Ng5 d5 5. exd5 Na5 6. Bb5+ c6 7. dxc6 bxc6 8.
Be2 h6 9. Nh3 Be6 10. d3 Bc5 11. Nc3 Rb8 12. a3 Bd4 13. O-O Qd7 14. Kh1 Bxh3 15.
gxh3 Qxh3 16. Bf3 h5 17. Bg2 Qh4 18. h3 O-O 19. Qe1 c5 20. Ne4 Nxe4 21. dxe4 Nc6
22. c3 Rb3 23. Qe2 g5 24. f3 Rd8 25. Qc4 Na5 26. Qa6 g4 27. fxg4 hxg4 28. Qxa5
gxh3 29. Bf3 h2 30. cxd4 Rxd4 31. Bg2 Rxe4 32. Bg5 1-0

[Event "Sygnity Ekstraliga 2016"]
[Site "Gorzow Wlkp. - Wroclaw - Katowice"]
[Date "1899-12-30"]
[Round "2.19"]
[White "Kryvoruchko, Yuriy"]
[Black "Tazbir, Marcin"]
[Result "1/2-1/2"]
[WhiteTitle "GM"]
[BlackTitle "GM"]
[WhiteElo "2682"]
[BlackElo "2517"]

1. e4 c6 2. d4 d5 3. e5 c5 4. dxc5 Nc6 5. Nf3 e6 6. a3 Bxc5 7. b4 Bb6 8. Bb2 Nge7
9. Bd3 Nf5 10. Bxf5 exf5 11. Nc3 Be6 12. Ne2 Qe7 13. O-O h6 14. Nf4 O-O-O 15.
Nd4 Nxd4 16. Bxd4 Bxd4 17. Qxd4 Kb8 18. Rac1 g5 19. Ne2 Rc8 20. Qd2 f4 21. Nd4
Qc7 22. Rfe1 Qc3 23. Qd3 Bd7 24. g3 Qxd3 25. cxd3 Rxc1 26. Rxc1 Re8 27. Kg2 Rxe5
28. gxf4 gxf4 29. Kf3 Rh5 30. Rg1 Rxh2 31. Rg7 Rh3+ 32. Ke2 Be6 33. Nb5 b6 34.
Nd4 a6 35. Nxe6 fxe6 36. Re7 d4 37. Rxe6 f3+ 38. Kd2 Rh2 39. Rxb6+ Kc7 40. Rxa6
Rxf2+ 41. Ke1 Ra2 42. Rxh6 Rxa3 43. Kf2 Rxd3 44. Rf6 1/2-1/2

[Event "Sygnity Ekstraliga 2016"]
[Site "Gorzow Wlkp. - Wroclaw - Katowice"]
[Date "1899-12-30"]
[Round "2.20"]
[White "Sliwerski, Radoslaw"]
[Black "Piorun, Kacper"]
[Result "0-1"]
[WhiteTitle "k++"]
[BlackTitle "GM"]
[WhiteElo "2089"]
[BlackElo "2676"]

1. d4 g6 2. g3 Bg7 3. Bg2 d6 4. Nf3 Nd7 5. O-O e5 6. c4 Ne7 7. Nc3 O-O 8. e4 Nb6
9. dxe5 Nxc4 10. exd6 cxd6 11. Bg5 h6 12. Bf4 g5 13. Bc1 Nc6 14. Nd5 Nxb2 15.
Qc2 Na4 16. Qxa4 Bxa1 17. Bxg5 hxg5 18. Rxa1 Be6 19. Qb5 a6 20. Qb2 f6 21. Qxb7
Bd7 22. Rd1 Ra7 23. Qb3 Kg7 24. Qc3 Qa5 25. Qe3 Qc5 26. Qd2 g4 27. Nh4 Ne5 28.
Ne3 Nc4 29. Nxc4 Qxc4 30. Qxd6 Rf7 31. e5 Qe2 32. exf6+ Rxf6 33. Qd4 Rc7 34. Bf1
Qe6 35. Bd3 Qb6 36. Nf5+ Bxf5 37. Qxb6 Rxb6 38. Bxf5 Rc4 39. h3 gxh3 40. Bxh3
Rc2 41. a4 Ra2 42. Rd4 Rf6 43. Rg4+ Kf8 44. Bf1 a5 45. Bb5 Rfxf2 46. Rg5 Rg2+
47. Kh1 Rgb2 48. Rf5+ Ke7 49. Kg1 Ra1+ 50. Rf1 Rxf1+ 51. Kxf1 Rxb5 0-1

[Event "Sygnity Ekstraliga 2016"]
[Site "Gorzow Wlkp. - Wroclaw - Katowice"]
[Date "1899-12-30"]
[Round "2.21"]
[White "Dragun, Kamil"]
[Black "Cyborowski, Lukasz"]
[Result "1-0"]
[WhiteTitle "GM"]
[BlackTitle "GM"]
[WhiteElo "2599"]
[BlackElo "2518"]

1. e4 c5 2. Nf3 Nc6 3. d4 cxd4 4. Nxd4 Qb6 5. Nb3 Nf6 6. Bd3 e6 7. O-O a6 8. c4
d6 9. Nc3 Be7 10. Be3 Qc7 11. Rc1 Ne5 12. f4 Nxd3 13. Qxd3 O-O 14. Bd4 b6 15.
e5 Nd7 16. Ne4 dxe5 17. fxe5 Nxe5 18. Qg3 f6 19. Nxf6+ Bxf6 20. Rxf6 Rxf6 21.
Bxe5 Qe7 22. Bxf6 Qxf6 23. Qc7 e5 24. Re1 Bf5 25. Qxe5 Qxe5 26. Rxe5 Bb1 27. Nd2
Bxa2 28. Kf2 Rc8 29. b3 a5 30. Rb5 Rc6 31. Ne4 a4 32. c5 bxc5 33. bxa4 Bd5 34.
Nxc5 Rg6 35. g3 Rh6 36. Kg1 Rd6 37. a5 Bc4 38. Rb4 Rd1+ 39. Kf2 Bd5 40. Rb8+ Kf7
41. Rd8 Kf6 42. a6 Ke5 43. Nd7+ 1-0

[Event "Sygnity Ekstraliga 2016"]
[Site "Gorzow Wlkp. - Wroclaw - Katowice"]
[Date "1899-12-30"]
[Round "2.23"]
[White "Kanarek, Marcel"]
[Black "Delega, Tomasz"]
[Result "1-0"]
[WhiteTitle "IM"]
[BlackTitle "CM"]
[WhiteElo "2535"]
[BlackElo "2025"]

1. e4 Nf6 2. e5 Nd5 3. d4 d6 4. Nf3 Bg4 5. Be2 Nc6 6. O-O Nb6 7. exd6 exd6 8. h3
Bh5 9. a4 Be7 10. a5 Nd7 11. a6 Qc8 12. axb7 Qxb7 13. Ba6 Qb6 14. c3 O-O 15. Nbd2
d5 16. b4 Ncb8 17. Bd3 a5 18. Qb3 Qb7 19. bxa5 Qxb3 20. Nxb3 Bxf3 21. gxf3 Na6
22. Ba3 Bxa3 23. Rxa3 Rfb8 24. Re1 Kf8 25. Kg2 g6 26. f4 Rc8 27. Re3 c6 28. Kf3
Rc7 29. Ke2 f5 30. Kd2 Kf7 31. Bf1 Nf6 32. f3 Nh5 33. Bxa6 Rxa6 34. Nc5 Ra8 35.
a6 Nxf4 36. Rb3 Rca7 37. Rb7+ Kf6 38. Rxa7 Rxa7 39. Re8 Nxh3 40. Rb8 Ng5 41. Rb7
Ra8 42. a7 Nxf3+ 43. Ke3 1-0

[Event "Sygnity Ekstraliga 2016"]
[Site "Gorzow Wlkp. - Wroclaw - Katowice"]
[Date "1899-12-30"]
[Round "2.24"]
[White "Kulon, Klaudia"]
[Black "Zawadzka, Beata"]
[Result "0-1"]
[WhiteTitle "WGM"]
[BlackTitle "WGM"]
[WhiteElo "2304"]
[BlackElo "2320"]

1. c4 f5 2. g3 Nf6 3. Bg2 g6 4. Nc3 Bg7 5. d3 O-O 6. e4 e5 7. Nge2 d6 8. exf5 gxf5
9. O-O Nc6 10. Nd5 Kh8 11. Bg5 a5 12. a3 Be6 13. Nec3 Qd7 14. Qd2 Nd4 15. Rae1
Nxd5 16. Nxd5 Bxd5 17. cxd5 f4 18. f3 Qf5 19. Bh4 Qh5 20. Kh1 Nf5 21. g4 Qxh4
22. gxf5 Rxf5 23. Qf2 Qh6 24. Rg1 Bf6 25. Rc1 Bh4 26. Qe2 Bg3 27. Bf1 Bxh2 28.
Qxh2 Rh5 29. Rg2 Rg8 30. Rxg8+ Kxg8 31. Rc2 Kh8 32. Kg1 Rxh2 33. Rxh2 Qg6+ 34.
Kh1 Qg3 35. Rh3 Qf2 0-1

[Event "Sygnity Ekstraliga 2016"]
[Site "Gorzow Wlkp. - Wroclaw - Katowice"]
[Date "1899-12-30"]
[Round "2.25"]
[White "Tomczak, Jacek"]
[Black "Kveinys, Aloyzas"]
[Result "1/2-1/2"]
[WhiteTitle "GM"]
[BlackTitle "GM"]
[WhiteElo "2588"]
[BlackElo "2541"]

1. e4 c5 2. Nf3 e6 3. d4 cxd4 4. Nxd4 a6 5. Be2 b5 6. O-O Bb7 7. c4 b4 8. Bd3 Ne7
9. f4 Qb6 10. Be3 Nec6 11. Nc2 Bc5 12. Bxc5 Qxc5+ 13. Kh1 d6 14. Nd2 Nd7 15. Qg4
O-O 16. Qh4 Nd4 17. Ne3 f5 18. exf5 exf5 19. Nd5 Nf6 20. Ne7+ Kf7 21. Nd5 Kg8
22. Ne7+ Kf7 23. Nd5 Kg8 1/2-1/2

[Event "Sygnity Ekstraliga 2016"]
[Site "Gorzow Wlkp. - Wroclaw - Katowice"]
[Date "1899-12-30"]
[Round "2.26"]
[White "Dziuba, Marcin"]
[Black "Olszewski, Michal"]
[Result "0-1"]
[WhiteTitle "GM"]
[BlackTitle "GM"]
[WhiteElo "2566"]
[BlackElo "2548"]

1. d4 Nf6 2. c4 e6 3. g3 c5 4. d5 exd5 5. cxd5 d6 6. Nc3 g6 7. Nf3 Bg7 8. Bg2 O-O
9. O-O Re8 10. Bf4 a6 11. a4 Qc7 12. h3 Nbd7 13. Rc1 Qb8 14. Qd3 b5 15. axb5 Nb6
16. Rfe1 axb5 17. Qxb5 Bd7 18. Qd3 Na4 19. Rb1 Ra7 20. Qc2 Nxc3 21. bxc3 Qc8 22.
e4 Ba4 23. Qd3 c4 24. Qd4 Rae7 25. Bxd6 Nxe4 26. Be5 Bxe5 27. Nxe5 Rxe5 28. Rxe4
Rxe4 29. Bxe4 Qxh3 30. Qxc4 Qg4 31. Qxa4 Rxe4 32. Qa8+ Kg7 33. d6 Qf5 34. Qa2
Re5 35. Rd1 Qf3 36. Qa1 Rh5 37. c4+ Kg8 0-1

[Event "Sygnity Ekstraliga 2016"]
[Site "Gorzow Wlkp. - Wroclaw - Katowice"]
[Date "1899-12-30"]
[Round "2.27"]
[White "Czarnota, Pawel"]
[Black "Weichhold, Pawel"]
[Result "1-0"]
[WhiteTitle "GM"]
[BlackTitle "IM"]
[WhiteElo "2537"]
[BlackElo "2395"]

1. e4 c5 2. Nf3 e6 3. d4 cxd4 4. Nxd4 a6 5. Bd3 Bc5 6. Nb3 Be7 7. Qg4 g6 8. Qe2
d6 9. O-O Nc6 10. a4 Ne5 11. a5 Nf6 12. Nc3 Bd7 13. Be3 O-O 14. f4 Nxd3 15. cxd3
Bc6 16. Kh1 Re8 17. Nd4 Bf8 18. Qf3 Bg7 19. f5 exf5 20. Nxc6 bxc6 21. exf5 gxf5
22. Bg5 Qd7 23. Ne2 Nd5 24. Ng3 Qe6 25. Nxf5 Qg6 26. Ra4 h5 27. Bc1 Re5 28. Rh4
Nf6 29. Bd2 Bf8 30. Bc3 Re6 31. Nd4 1-0

[Event "Sygnity Ekstraliga 2016"]
[Site "Gorzow Wlkp. - Wroclaw - Katowice"]
[Date "1899-12-30"]
[Round "2.28"]
[White "Jakubiec, Artur"]
[Black "Warakomski, Tomasz"]
[Result "1/2-1/2"]
[WhiteTitle "GM"]
[BlackTitle "IM"]
[WhiteElo "2515"]
[BlackElo "2486"]

1. c4 e5 2. Nc3 Nf6 3. g3 c6 4. d4 exd4 5. Qxd4 d5 6. Nf3 Na6 7. Bg2 Bc5 8. Qh4
dxc4 9. O-O O-O 10. Bg5 h6 11. Bxf6 Qxf6 12. Qxc4 Be6 13. Qa4 Rfd8 14. Qc2 Bf5
15. Qc1 Qe6 16. Rd1 Nb4 17. Rxd8+ Rxd8 18. Qf1 Be7 19. a3 Na6 20. Rd1 Qb3 21.
Rxd8+ Bxd8 22. e4 Bg4 23. Qc1 Bxf3 24. Bxf3 Bg5 25. Qb1 Nc5 26. Bd1 Qc4 27. f4
Bd8 28. Be2 Qd4+ 29. Kg2 Ba5 30. b4 Qxc3 31. bxc5 g6 32. Qxb7 Qc2 33. Qa6 Qxe4+
34. Bf3 Qc2+ 35. Kh3 Qxc5 36. Bxc6 Bb6 37. Bf3 Qf5+ 38. Kg2 Qc2+ 39. Qe2 Qxe2+
40. Bxe2 1/2-1/2

[Event "Sygnity Ekstraliga 2016"]
[Site "Gorzow Wlkp. - Wroclaw - Katowice"]
[Date "1899-12-30"]
[Round "2.29"]
[White "Szelag, Marcin"]
[Black "Pakleza, Zbigniew"]
[Result "1-0"]
[WhiteTitle "IM"]
[BlackTitle "GM"]
[WhiteElo "2441"]
[BlackElo "2506"]

1. e4 e5 2. Nf3 Nc6 3. Bb5 a6 4. Ba4 Nf6 5. O-O b5 6. Bb3 Be7 7. Re1 d6 8. c3 O-O
9. h3 Bb7 10. d4 Re8 11. Ng5 Rf8 12. Nf3 Re8 13. Nbd2 Bf8 14. Bc2 h6 15. d5 Nb8
16. b3 c6 17. c4 Nbd7 18. Nf1 Nb6 19. Ne3 Rc8 20. Bd2 Nfd7 21. a4 Rb8 22. Qe2
Nc8 23. Red1 bxc4 24. bxc4 Ne7 25. Rab1 Qc7 26. Rdc1 Ba8 27. Rxb8 Rxb8 28. Nh4
Nc5 29. Nef5 Nxf5 30. Nxf5 Nb3 31. Bxb3 Rxb3 32. c5 dxc5 33. d6 Qc8 34. Qc4 Rb8
35. Ba5 Qd7 36. Qxc5 Re8 37. Rd1 Re6 38. Bb4 Bb7 39. a5 Bc8 40. Rd2 Kh7 41. h4
Qb7 42. Ne3 Bd7 43. Nc4 Qc8 44. Qa7 c5 45. Nb6 Qe8 46. Bxc5 Bc6 47. d7 Bxd7 48.
Nxd7 1-0

[Event "Sygnity Ekstraliga 2016"]
[Site "Gorzow Wlkp. - Wroclaw - Katowice"]
[Date "1899-12-30"]
[Round "2.30"]
[White "Jakubiec, Edyta"]
[Black "Warakomska, Anna"]
[Result "1/2-1/2"]
[WhiteTitle "WIM"]
[BlackTitle "WIM"]
[WhiteElo "2183"]
[BlackElo "2300"]

1. Nf3 d5 2. g3 c6 3. Bg2 Bf5 4. O-O Nf6 5. d3 h6 6. c4 dxc4 7. dxc4 Nbd7 8. Bf4
Qb6 9. Qc1 e6 10. Nc3 Be7 11. h3 O-O 12. b3 Nc5 13. Be3 Qc7 14. b4 Nce4 15. Nxe4
Nxe4 16. Nd2 Nf6 17. Qb2 e5 18. a3 Rfd8 19. Rfd1 Nd7 20. c5 Be6 21. Qc2 Nf6 22.
Nc4 Bd5 23. Bd2 b6 24. e4 Bxc4 25. cxb6 axb6 26. Qxc4 Rd4 27. Qc2 Rad8 28. Bc3
Rxd1+ 29. Rxd1 Rxd1+ 30. Qxd1 b5 31. Qa1 Nd7 32. Bf1 Qd6 33. Be2 Bd8 34. Bg4 Bb6
35. Bxd7 Qxd7 36. Bxe5 Qxh3 37. Qc3 f6 38. Qxc6 Bxf2+ 39. Kxf2 Qh2+ 40. Kf1 Qh1+
41. Kf2 Qh2+ 42. Ke3 Qg1+ 43. Ke2 Qg2+ 44. Ke1 Qg1+ 45. Kd2 Qf2+ 46. Kd1 Qf1+
47. Kd2 Qf2+ 48. Kc1 Qf1+ 49. Kb2 fxe5 50. Qe6+ Kf8 51. Qxe5 Qe2+ 52. Kc1 Qe1+
53. Kc2 Qe2+ 54. Kb3 Qc4+ 55. Kb2 Qe2+ 56. Ka1 Qe1+ 57. Ka2 Qe2+ 58. Ka1 1/2-1/2

[Event "Sygnity Ekstraliga 2016"]
[Site "Gorzow Wlkp. - Wroclaw - Katowice"]
[Date "1899-12-30"]
[Round "3.1"]
[White "Kveinys, Aloyzas"]
[Black "Swiercz, Dariusz"]
[Result "0-1"]
[WhiteTitle "GM"]
[BlackTitle "GM"]
[WhiteElo "2541"]
[BlackElo "2645"]

1. d4 Nf6 2. c4 e6 3. Nc3 Bb4 4. e3 O-O 5. Nge2 d5 6. a3 Be7 7. cxd5 exd5 8. Nf4
c6 9. Bd3 Na6 10. O-O Nc7 11. b4 Ne6 12. Nfe2 Re8 13. Bd2 Bd6 14. f3 a5 15. Rb1
axb4 16. axb4 Bc7 17. Be1 Qd6 18. Bg3 Qe7 19. Qd2 Bxg3 20. Nxg3 g6 21. Rfe1 Qd6
22. Qf2 Ra3 23. Qb2 Ra8 24. Qf2 h5 25. e4 h4 26. Nge2 dxe4 27. Bxe4 h3 28. Qg3
Qxg3 29. hxg3 Ng5 30. Nf4 Ra3 31. Rbc1 hxg2 32. Kxg2 Kg7 33. Re2 Nfxe4 34. fxe4
Bg4 35. Re3 Nxe4 36. Rce1 Nd6 37. Rxe8 Nxe8 38. Nb5 Ra8 39. Nc3 Nd6 40. d5 Ra3
41. Rc1 Rb3 42. dxc6 bxc6 43. Nd3 Nb5 44. Ne5 Be6 45. Ne2 Re3 0-1

[Event "Sygnity Ekstraliga 2016"]
[Site "Gorzow Wlkp. - Wroclaw - Katowice"]
[Date "1899-12-30"]
[Round "3.2"]
[White "Bartel, Mateusz"]
[Black "Dziuba, Marcin"]
[Result "1-0"]
[WhiteTitle "GM"]
[BlackTitle "GM"]
[WhiteElo "2640"]
[BlackElo "2566"]

1. e4 c5 2. Nf3 d6 3. Bb5+ Nd7 4. O-O Ngf6 5. Re1 a6 6. Bf1 b6 7. d4 cxd4 8. Nxd4
Bb7 9. f3 e6 10. c4 Be7 11. Nc3 O-O 12. Be3 Qc7 13. Rc1 Rac8 14. Qd2 Qb8 15. Qf2
Rfe8 16. Red1 Bd8 17. b4 Bc7 18. g3 Ne5 19. Be2 h5 20. Nb3 Nfd7 21. c5 dxc5 22.
f4 cxb4 23. fxe5 Nxe5 24. Na4 Bxe4 25. Bxh5 Ba8 26. h3 Qb7 27. Kh2 Nf3+ 28. Bxf3
Qxf3 29. Nxb6 Bxb6 30. Bxb6 Qh5 31. Nc5 a5 32. Rf1 Bd5 33. Nd3 Rxc1 34. Rxc1 Ba8
35. g4 Qb5 36. Rc7 f6 37. Nf4 Qe5 38. Rc5 Qb8 39. Rc7 a4 40. Qd4 Rd8 41. Rxg7+
Kxg7 42. Bxd8 Qe5 43. Qxe5 fxe5 44. Nd3 b3 45. axb3 axb3 46. Bc7 e4 47. Be5+ Kf7
48. Nf4 e3 49. Kg3 Be4 50. h4 Ke7 51. g5 1-0

[Event "Sygnity Ekstraliga 2016"]
[Site "Gorzow Wlkp. - Wroclaw - Katowice"]
[Date "1899-12-30"]
[Round "3.3"]
[White "Weichhold, Pawel"]
[Black "Sadzikowski, Daniel"]
[Result "0-1"]
[WhiteTitle "IM"]
[BlackTitle "IM"]
[WhiteElo "2395"]
[BlackElo "2548"]

1. e4 e5 2. Nf3 Nc6 3. Bb5 a6 4. Bxc6 dxc6 5. O-O Bd6 6. d4 exd4 7. Qxd4 f6 8.
Re1 Ne7 9. Nbd2 Be6 10. b3 Ng6 11. Bb2 Qe7 12. Qe3 Bf4 13. Qe2 O-O-O 14. Nc4 Qc5
15. Rad1 Bxc4 16. Qxc4 Qxc4 17. bxc4 Rhe8 18. Rxd8+ Rxd8 19. Bc3 c5 20. h4 h5
21. Kf1 Be5 22. Nxe5 Nxe5 23. f4 Nxc4 24. Kf2 b5 25. g4 b4 26. Ba1 hxg4 27. h5
Rh8 28. Rh1 Nd6 29. e5 fxe5 30. Bxe5 Nf5 31. c3 bxc3 32. Bxc3 Kd7 33. Ba1 Kc6
34. Be5 Rh7 35. Kg2 Rh6 36. Ba1 Kd5 37. Be5 c6 38. Rd1+ Ke4 39. Rh1 Kd3 40. Rc1
c4 41. Kg1 Ne3 42. Kf2 Kd2 43. Rh1 Nf5 44. a4 c3 45. a5 g6 0-1

[Event "Sygnity Ekstraliga 2016"]
[Site "Gorzow Wlkp. - Wroclaw - Katowice"]
[Date "1899-12-30"]
[Round "3.4"]
[White "Mastrovasilis, Dimitrios"]
[Black "Jakubiec, Artur"]
[Result "1/2-1/2"]
[WhiteTitle "GM"]
[BlackTitle "GM"]
[WhiteElo "2606"]
[BlackElo "2515"]

1. e4 c5 2. Nf3 d6 3. Bb5+ Bd7 4. Bxd7+ Nxd7 5. O-O Ngf6 6. Qe2 e6 7. c3 Be7 8.
d4 cxd4 9. cxd4 d5 10. e5 Ne4 11. Ne1 Qb6 12. Be3 f6 13. f3 Ng5 14. Nd3 O-O 15.
Nd2 Qa6 16. Rfe1 Rac8 17. exf6 Bxf6 18. Nb3 Rfe8 19. Bf2 b6 20. Nf4 Qa4 21. Nh5
Nf7 22. Rac1 Rxc1 23. Nxf6+ Nxf6 24. Nxc1 e5 25. dxe5 Rxe5 26. Qd2 Rxe1+ 27. Bxe1
Ne5 28. b3 Qd7 29. Ne2 Nc6 30. Bf2 h6 31. h3 Qd6 32. Qc2 Kf7 33. a4 Ne7 34. Nd4
Qd7 35. b4 Qc8 36. Qb1 Nc6 37. Qc1 Ne7 38. Qb1 Nc6 39. Qc1 Ne7 40. Qf4 Qc4 41.
Qd6 Ne8 42. Qe6+ Kf8 43. b5 Qxa4 44. Qd7 Qa3 45. Ne6+ Kf7 46. Nd8+ Kf8 47. Ne6+
Kf7 48. Nd8+ Kf8 49. Nc6 Qd6 50. Qb7 Nxc6 51. bxc6 d4 52. Qd7 d3 53. Be3 h5 54.
Kf2 h4 55. f4 Qg6 56. Kf1 Qe4 57. Kf2 Qg6 58. Kf1 Qe4 59. Kf2 Qg6 1/2-1/2

[Event "Sygnity Ekstraliga 2016"]
[Site "Gorzow Wlkp. - Wroclaw - Katowice"]
[Date "1899-12-30"]
[Round "3.5"]
[White "Pakleza, Zbigniew"]
[Black "Wieczorek, Oskar"]
[Result "1/2-1/2"]
[WhiteTitle "GM"]
[BlackTitle "IM"]
[WhiteElo "2506"]
[BlackElo "2432"]

1. d4 Nf6 2. Nf3 g6 3. c4 Bg7 4. Nc3 d5 5. cxd5 Nxd5 6. e3 O-O 7. Bc4 Nxc3 8. bxc3
c5 9. O-O Nc6 10. Ba3 b6 11. dxc5 Qc7 12. Nd4 Bb7 13. Be2 bxc5 14. Bxc5 Ne5 15.
Ba3 Nc4 16. Bxc4 Qxc4 17. Bxe7 Rfe8 18. Bh4 Qxc3 19. Qb3 Bxd4 20. Qxb7 Qxa1 21.
Rxa1 Bxa1 22. g4 Rab8 23. Qxa7 Ra8 24. Qd7 Re4 25. a3 Rea4 26. Be7 Bb2 27. h4
Bxa3 28. Bxa3 Rxa3 29. h5 gxh5 30. gxh5 h6 31. Kg2 R8a5 32. f4 Ra8 33. Kf3 Rb3
34. f5 Raa3 35. Qe8+ Kg7 36. Qe5+ Kg8 37. Qe8+ Kg7 38. Qe5+ Kg8 39. Kf4 Rxe3 40.
Qb8+ Kg7 41. Qb2+ 1/2-1/2

[Event "Sygnity Ekstraliga 2016"]
[Site "Gorzow Wlkp. - Wroclaw - Katowice"]
[Date "1899-12-30"]
[Round "3.7"]
[White "Tazbir, Marcin"]
[Black "Tomczak, Jacek"]
[Result "1/2-1/2"]
[WhiteTitle "GM"]
[BlackTitle "GM"]
[WhiteElo "2517"]
[BlackElo "2588"]

1. Nf3 Nf6 2. c4 e6 3. Nc3 Bb4 4. Qc2 c5 5. a3 Ba5 6. g3 O-O 7. Bg2 Nc6 8. O-O
d6 9. d3 h6 10. Rb1 e5 11. e3 Be6 12. Nd2 Qd7 13. Nd5 Ne8 14. Ne4 Bh3 15. b4 Bxg2
16. Kxg2 f5 17. Nec3 Bd8 18. f4 b6 19. b5 Ne7 20. fxe5 dxe5 21. e4 Nd6 22. Qe2
Nxd5 23. Nxd5 fxe4 24. Rxf8+ Kxf8 25. dxe4 a6 26. bxa6 Rxa6 27. Bb2 Qe6 28. Rf1+
Kg8 29. Qf3 Qe8 30. Qd3 b5 31. cxb5 Qxb5 32. Qxb5 Nxb5 33. Rc1 Nd6 34. Bxe5 Nxe4
35. Rc4 Ng5 36. Rxc5 Rxa3 37. Rc8 Nf7 38. Bc3 Kh7 39. h4 Ba5 40. Bxa5 1/2-1/2

[Event "Sygnity Ekstraliga 2016"]
[Site "Gorzow Wlkp. - Wroclaw - Katowice"]
[Date "1899-12-30"]
[Round "3.8"]
[White "Olszewski, Michal"]
[Black "Sliwerski, Radoslaw"]
[Result "1-0"]
[WhiteTitle "GM"]
[BlackTitle "k++"]
[WhiteElo "2548"]
[BlackElo "2089"]

1. e4 c5 2. Nf3 d6 3. d4 cxd4 4. Nxd4 Nf6 5. Nc3 a6 6. Be3 e5 7. Nf3 Be7 8. Bc4
O-O 9. O-O Qc7 10. Bb3 Be6 11. Qe2 Bxb3 12. axb3 Nbd7 13. Rfd1 Rac8 14. Bg5 Rfe8
15. Nd2 Qc6 16. Nc4 b5 17. Ne3 h6 18. Bh4 Bf8 19. f3 Nh5 20. Bf2 Nf4 21. Qd2 Nf6
22. Bh4 b4 23. Ne2 g5 24. Bf2 g4 25. Nxf4 exf4 26. Nc4 gxf3 27. gxf3 Nxe4 28.
fxe4 Qxe4 29. Qd3 d5 30. Qxd5 Qxc2 31. Qd3 Qxd3 32. Rxd3 Rc6 33. Kg2 Re2 34. Kf3
Rce6 35. Rd8 Re8 36. Rxe8 Rxe8 37. Rxa6 Rd8 38. Kxf4 Rd3 39. Ra8 Kg7 40. Ke4 Rxb3
41. Bd4+ f6 42. Bxf6+ Kxf6 43. Rxf8+ Kg5 44. Rf3 1-0